000 00809nam a22002897a 4500
001 BR8203873
003 BR-BrBNA
005 20230928091356.0
007 ta
008 230509b bl.||||| |||| 00| 0 por d
040 _aBR-BrBNA
_bpor
_cBiblioteca Nacional de Agricultura
041 _a(Por)
072 _aN20
_b4630
090 _ 4630 BR8203873
100 1 _aRusso Junior, M.
110 1 _aCompanhia Energetica de Sao Paulo, Sao Paulo (Brasil)
_92428
245 1 _aBombas de recalque [bomba d'agua, irrigacao, bomba centrifuga]
260 3 _aSao Paulo, SP (Brasil):
_c1982.
300 _a35 p.
500 _a13 illus.
650 _aBOMBA D'AGUA
650 _aIRRIGACAO
650 _aBOMBA CENTRIFUGA
650 _aINSTALACAO AGRICOLA
909 _a202309
_bLucia
_c55
_dLucia Elande
942 _cBK
999 _c33615
_d33615